000 01312nam0a2200349 4500
001 RU\NLR\bibl\339190
005 20260406165741.0
010 _a5-7905-0087-0
_bВ пер.
_97000
020 _aRU
_b02-6852668526
_9Книжная летопись
021 _aRU
_b2002-39284
_91914
035 _a(NLR Aleph) 000334075
090 _a175118
_c175118
100 _a20021104d2002 |||y0rusy50 ca
101 1 _arus
_cita
102 _aRU
105 _aa |||||||||
200 1 _aБожественная комедия
_aНовая Жизнь
_aСтихотворения, написанные в изгнании
_aПир
_e[пер. с итал.]
_fДанте Алигьери
210 _aМ.
_cРИПОЛ классик
_d2002
215 _a959 с.
_cил.
_d21
225 1 _aБессмертная библиотека
_eББ
_iЗарубежная классика
675 _a821.131.1-8Данте Алигьери
_v3
_zrus
686 _a17.82
_2rugasnti
686 _a84(4Ита)
_2rubbk
686 _aШ6(4Ит)437-5{Лх1602}
700 0 _4070
_8rus
_7ca
_aДанте Алигьери
_f1265-1321
_3RU\NLR\AUTH\7712289
_9122012
801 0 _aRU
_bRKP
_c20021104
_gPSBO
801 1 _aRU
_bRKP
_c20021104
801 2 _aRU
_bNLR
_c20040408
_grcr
942 _cBOOK
980 _aNB